Kto napisał tę książkę? #4 - Statystyki

Ogólne statystyki
  • Ten quiz został rozwiązany 50 razy
  • Średni wynik to 7 z 12
Statystyki odpowiedzi
Tytuł książki Autor % Poprawnych
Rok 1984 George Orwell
83%
Bracia Karamazow Fiodor Dostojewski
76%
Anna Karenina Lew Tołstoj
76%
Ania z Zielonego Wzgórza Lucy Maud Montgomery
72%
Księgi Jakubowe Olga Tokarczuk
61%
Duma i uprzedzenie Jane Austen
59%
Hrabia Monte Christo Aleksander Dumas
54%
Lew, czarownica i stara szafa C.S. Lewis
54%
Oliver Twist Charles Dickens
46%
Portret Doriana Graya Oscar Wilde
41%
Diuna Frank Herbert
35%
Szklany klosz Sylvia Plath
24%
Nie znaleziono quizów pasujących do podanych kryteriów
Rozkład punktacji
Procent ludzi z każdym wynikiem
Percentyl według liczby udzielonych odpowiedzi
Twoja historia wyników
Nie rozwiązałeś tego quizu